La literatura española del siglo XVIII y sus fuentes extranjeras (Record no. 10854)

MARC details
000 -LEADER
campo de control de longitud fija 01231nam a2200277 i 4500
001 - NÚMERO DE CONTROL
campo de control 10854
003 - IDENTIFICADOR DE NÚMERO DE CONTROL
campo de control ES-MaACL
005 - FECHA Y HORA DE LA ÚLTIMA TRANSACCIÓN
campo de control 20251114122951.0
007 - CAMPO FIJO DE DESCRIPCIÓN FÍSICA--INFORMACIÓN GENERAL
campo de control de longitud fija t|
008 - DATOS DE LONGITUD FIJA--INFORMACIÓN GENERAL
campo de control de longitud fija 951207s1968 sp |||| | spa d
080 ## - NÚMERO DE LA CLASIFICACIÓN DECIMAL UNIVERSAL
Número de la Clasificación Decimal Universal 860.09"17"
100 1# - ENTRADA PRINCIPAL--NOMBRE DE PERSONA
Nombre de persona Arce, Joaquín.
9 (RLIN) 180960
245 13 - MENCIÓN DEL TÍTULO
Título La literatura española del siglo XVIII y sus fuentes extranjeras
Resto del título : conferencias pronunciadas en la Primera Reunión de Lengua y Literatura Española del siglo XVIII /
Mención de responsabilidad, etc. por Joaquín Arce, Nigel Glendinning y Lucien Dupuis.
260 ## - PUBLICACIÓN, DISTRIBUCIÓN, ETC.
Lugar de publicación, distribución, etc. Oviedo :
Nombre del editor, distribuidor, etc. Universidad, Facultad de Filosfía y Letras,
Fecha de publicación, distribución, etc. 1968.
300 ## - DESCRIPCIÓN FÍSICA
Extensión 127 p. ;
Dimensiones 26 cm.
490 1# - MENCIÓN DE SERIE
Mención de serie Cuadernos de la Cátedra Feijóo ;
Designación de volumen o secuencia 20
650 14 - PUNTO DE ACCESO ADICIONAL DE MATERIA--TÉRMINO DE MATERIA
Término de materia o nombre geográfico como elemento de entrada Literatura española-
Subdivisión general Influencia extranjera.
9 (RLIN) 151162
650 04 - PUNTO DE ACCESO ADICIONAL DE MATERIA--TÉRMINO DE MATERIA
Término de materia o nombre geográfico como elemento de entrada Literatura española-
Subdivisión cronológica S.XVIII-
Subdivisión general Historia y crítica.
9 (RLIN) 14574
700 1# - ENTRADA AGREGADA--NOMBRE PERSONAL
Nombre de persona Glendinning, Nigel,
Fechas asociadas al nombre 1929-2013
9 (RLIN) 57430
700 1# - ENTRADA AGREGADA--NOMBRE PERSONAL
Nombre de persona Dupuis, Lucien.
9 (RLIN) 46131
710 2# - ENTRADA AGREGADA--NOMBRE DE ENTIDAD CORPORATIVA
Nombre de entidad corporativa o nombre de jurisdicción como elemento de entrada Universidad de Oviedo.
Unidad subordinada Facultad de Filosofía y Letras.
9 (RLIN) 7266
711 2# - ENTRADA AGREGADA--NOMBRE DE REUNIÓN
Nombre de congreso/reunión o jurisdicción como elemento de entrada Reunión de Lengua y Literatura española del siglo XVIII (
Número del congreso/reunión o número de parte o sección 1º.
Fecha del congreso o de la firma del tratado 1968.
Sede del congreso/Lugar de la reunión Oviedo)
9 (RLIN) 954
830 0# - PUNTO DE ACCESO ADICIONAL DE SERIE-TÍTULO UNIFORME
Título uniforme Cuadernos de la Cátedra Feijóo
Designación de volumen o secuencia 20
9 (RLIN) 185697
852 ## - LOCALIZACIÓN
Ubicación ES-MaACL
Número de control de estantería L-18428
Holdings
Estatus retirado Estado de pérdida Estado de daño No para préstamo Biblioteca de origen Biblioteca actual Ubicación en estantería Fecha de adquisición Fuente de adquisición Total de préstamos Signatura topográfica completa Código de barras Visto por última vez Precio de reemplazo Tipo de ítem Koha
        Biblioteca del Ateneo de Madrid Biblioteca del Ateneo de Madrid Depósito 2 17/01/2008     L-18428 1011072 23/02/2023 23/02/2023 Libro impreso